|
|
|
|
| LEADER |
00000cam a2200000 7i4500 |
| 001 |
0000100832 |
| 005 |
20060616.0 |
| 020 |
|
|
|a 9836281746
|
| 090 |
0 |
0 |
|a 382.0916565
|b AHM
|
| 100 |
0 |
|
|a Ahmad Jelani Halimi
|
| 245 |
1 |
0 |
|a Perdagangan dan perkapalan Melayu di Selat Melaka (Abad ke-15 hingga ke-18)
|c Ahmad Jelani Halimi
|
| 260 |
|
|
|a Kuala Lumpur :
|b Dewan Bahasa Dan Pustaka ,
|c 2006
|
| 300 |
|
|
|a 332p. ;
|c 21cm.
|
| 650 |
0 |
0 |
|a Shipping
|z Malacca Straits of
|y 15th century
|
| 651 |
|
0 |
|a Malacca, Straits of
|x Commerce
|y 15th century
|
| 999 |
|
|
|a 00193096
|b BUKU
|c MALAYSIANA
|e PERPUSTAKAAN KOMUNITI PETALING JAYA
|